000 00683nas a2200229 4500
001 BR8201858
003 BR-BrBNA
005 20231205085117.0
007 ta
008 230509b bl.|||p| |||| 00| 00por d
040 _aBR-BrBNA
_bpor
_cBiblioteca Nacional de Agricultura
041 _a(Pt)
072 _aK50; E70
100 1 _aAnon.
245 1 _aCompensados e aglomerados [Exportacao; Madeira compensada; Brasil]
650 _aCOMPENSADO
650 _aEXPORTACAO
650 _aMERCADO INTERNACIONAL
773 0 _tRevista da Madeira (Brazil)
_xISSN 0034-7582
_g(Feb 1982), v. 31(362) p. 16-23
_wBR8201858
909 _a202311
_bLúcia
_c55
_dLúcia Elande
942 _2AGRIS
_n0
_cANA
999 _c109285
_d109285